| 000 | 01149nam2a2200265 4500 | ||
|---|---|---|---|
| 001 | rc\3021148 | ||
| 005 | 20250805160813.4 | ||
| 035 | _a(NLR Aleph) 007163213 | ||
| 090 |
_a88798 _c88798 |
||
| 100 | _a20110927d1941 u y0rusy50 ca | ||
| 101 | 0 | _arus | |
| 102 | _aRU | ||
| 105 | _ay z ||||| | ||
| 200 | 1 |
_aРусский язык _eРазвитие навыков рус. речи на уроках чтения в 4-х классах казах. школ _f[Автор М. Чайковский] |
|
| 210 | _d1941 | ||
| 215 | _a12 с. | ||
| 300 | _aБез обл. | ||
| 461 | 0 |
_1001rc\3021146 _12001#$aМатериалы к августовским учительским совещаниям$fУпр. нач. и средней школы НКП Казах. ССР$v№ 3 |
|
| 700 | 1 |
_aЧайковский _bМ.К. _gМихаил Кириллович |
|
| 801 | 0 |
_aRU _bNLR _gpsbo |
|
| 801 | 1 |
_aRU _bELAR _2rusmarc |
|
| 852 |
_aNLR _jПр20 Г-6/79 |
||
| 942 | _cUNSPEC | ||
| 945 |
_aРоссийская национальная библиотека _aНациональная библиотека Республики Казахстан |
||
| 980 | _aBV | ||